Non succede per caso : percorsi omogenitoriali tra desideri e realtà /

সংরক্ষণ করুন:
গ্রন্থ-পঞ্জীর বিবরন
প্রধান লেখক: Buday, Elena
অন্যান্য লেখক: Trevisan, Federico Lupo
বিন্যাস: গ্রন্থ
ভাষা:ইতালিয়
প্রকাশিত: Milano : Angeli, 2018
মালা:Self-help ; 101
বিষয়গুলি:
ট্যাগগুলো: ট্যাগ যুক্ত করুন
কোনো ট্যাগ নেই, প্রথমজন হিসাবে ট্যাগ করুন!

MARC

LEADER 00000nam a2200000 i 4500
001 IT\ICCU\PCM\0005172
003 ItRI
005 20260115232157.0
008 181219s2018 it |||||| ||||| |||||c
015 |2 IT  |a 2020-368 
020 |a 9788891769060 
040 |b ita  |c importazione bologna sebina 
041 7 |a ita  |2 ISO-639-2 
082 |a 306.8508664  |9 FAMIGLIA. Il soggetto riferito agli omosessuali  |2 23 
100 1 |a Buday, Elena  |0 IT\ICCU\TO0V\633846 
240 1 0 |a Non succede per caso  |3 IT\ICCU\UBO\4373763  |9 Buday, Elena 
245 1 0 |a Non succede per caso :  |b percorsi omogenitoriali tra desideri e realtà /  |c Elena Buday, Federico Lupo Trevisan ; prefazione di Matteo Lancini. 
260 |a Milano :  |b Angeli,  |c 2018 
300 |a 138 p. ;  |c 22 cm 
650 7 |a Famiglie omogenitoriali  |2 nsbncf 
700 1 |a Trevisan, Federico Lupo  |0 IT\ICCU\PCMV\001110 
830 0 |a Self-help ;  |v 101  |0 IT\ICCU\RML\0047086 
942 |2 ddc  |c BK  |n 0 
952 |0 0  |1 0  |4 0  |6 DOC_306_874000000000000_BUD  |7 0  |9 21460  |a BO  |b BO  |d 2026-01-15  |i 18959  |l 0  |o DOC 306.874 BUD  |p BO18959  |r 2026-01-15 23:21:57  |w 2026-01-15  |x [Sebina 5] [1 v.]  |y BK  |z 1 v. 
999 |c 18320  |d 18320